000 00756nam a22002057a 4500
005 20251029172436.0
008 s2504 th tha d
040 _aNALT
041 _atha
050 _aDS 563.5
_bร62 2504
245 1 0 _aสยามหรือไทย จากการอภิปรายในสภาร่างรัฐธรรมนูญ.
260 _aพระนคร :
_bธนาคารไทยพัฒนา,
_c2504
300 _a105 หน้า
651 4 _926698
_aไทย
_xนาม
653 4 _aไทย (ชื่อประเทศ)
653 4 _aสยาม (ชื่อประเทศ)
850 _aNALT
856 4 0 _uhttps://hdl.handle.net/20.500.14156/2008701
942 _cRRB
_2lcc
999 _c1897
_d1897
998 _j4612
_k นางสาววัลยา พุ่มต้นวงค์